[Event "Cammeray Norths CC op"]
[Site "Cammeray"]
[Date "2010.01.07"]
[Round "5"]
[White "Wechsler, Ian B"]
[Black "Yang, Peter"]
[Result "0-1"]
[WhiteElo "1443"]
[BlackElo "1573"]
[PlyCount "92"]
[EventDate "2010.01.02"]
[EventType "swiss"]
[EventRounds "7"]
[EventCountry "AUS"]
[SourceTitle "EXT 2011"]
[Source "ChessBase"]
[SourceDate "2010.11.26"]
[SourceVersion "1"]
[SourceVersionDate "2010.11.26"]
[SourceQuality "1"]

1. d4 Nf6 2. c4 e6 3. Nc3 Bb4 4. Qc2 Nc6 5. Nf3 d6 6. Bg5 h6 7. Bh4 g5 8. Bg3 g4 9. Nd2 Nxd4 10. Qa4+ Bd7 11. Qd1 e5 12. e3 Bxc3 13. bxc3 Nf5 14. Bd3 Nxg3 15. hxg3 Bc6 16. f3 Qd7 17. Qc2 gxf3 18. gxf3 Qe7 19. Bf5 Nd7 20. Kf2 0-0-0 21. a4 h5 22. Rh4 Kb8 23. a5 Nf6 24. a6 b6 25. Ne4 Nxe4+ 26. Bxe4 d5 27. cxd5 Bxd5 28. Bxd5 Rxd5 29. Rd1 Rxd1 30. Qxd1 c6 31. Ke2 f5 32. Qa4 Kc7 33. Rc4 Rh6 34. Qc2 Qf7 35. Qa2 Qd5 36. e4 fxe4 37. fxe4 Qe6 38. Ra4 Qg4+ 39. Kf2 Rf6+ 40. Kg2 h4 41. Qb1 Qxg3+ 42. Kh1 Qf3+ 43. Kh2 Rg6 44. Ra2 Qg3+ 45. Kh1 Qh3+ 46. Rh2 Qf3+ 0-1